States with the Most L.D.S Temples - Statistics

General Stats
  • This quiz has been taken 655 times
    75 since last reset
  • The average score is 9 of 11
Answer Stats
# State % Correct
32 Utah
100%
9 Arizona
94%
12 California
92%
11 Idaho
92%
10 Texas
89%
6 Washington
84%
4 Colorado
78%
5 Florida
77%
4 Nevada
73%
4 Hawaii
47%
4 Virginia
27%
No matching quizzes found
Score Distribution
Percent of People with Each Score
Percentile by Number Answered
Your Score History
You have not taken this quiz since the last reset